| 000 | 00573 a2200181 4500 | ||
|---|---|---|---|
| 020 | _a0471317349 | ||
| 020 | _a9780471317340 | ||
| 082 | _a515.45 | ||
| 090 |
_c905 _d905 |
||
| 100 | 1 | _aJerri, A. | |
| 245 | 1 | 0 |
_aIntroduction to integral equations with applications / _cA. Jerri. |
| 250 | _a2nd ed. | ||
| 260 |
_a[S.l.] : _bWiley-Interscience, _c1999. |
||
| 300 |
_a456 p. ; _c24 cm. |
||
| 700 | _aJerri, A. | ||
| 942 |
_aSNS _cBK _k515.45 JER |
||
| 999 |
_c29528 _d29528 |
||